Statistics for Landlocked American States

Click here to take the quiz!

General Stats

  • This quiz has been taken 844 times
  • The average score is 24 of 27

Answer Stats

AreaState% Correct
199,729South Dakota
95%
183,108North Dakota
94%
286,380Nevada
93%
116,098Ohio
93%
216,443Idaho
92%
213,100Kansas
92%
104,656Kentucky
92%
269,601Colorado
91%
380,831Montana
91%
253,335Wyoming
91%
137,732Arkansas
90%
145,746Iowa
90%
109,153Tennessee
90%
219,882Utah
90%
181,037Oklahoma
89%
94,326Indiana
88%
200,330Nebraska
88%
295,234Arizona
87%
149,995Illinois
86%
180,540Missouri
86%
314,917New Mexico
86%
62,756West Virginia
86%
225,163Minnesota
83%
24,906Vermont
83%
250,487Michigan
82%
169,635Wisconsin
79%
119,280Pennsylvania
71%

Score Distribution

Percentile by Number Answered

Percent of People with Each Score

Your Score History

You have not taken this quiz